00666 2200289 4500001002100000005001500021035002000036245005000056100001000106250000600116300002100122856004500143260003600188082000800224084001400232600001000246990001200256990001200268990001200280990001200292990001200304990001200316990001200328990001200340990001200352990001200364INLIS00000000000164620250429081225 a0010-04250000621 aDari Ave Maria Ke Jalan Lain Ke Roma /cIdrus0 aidrus a1 a292 hlm ;c21 cm aRuang Baca Umum No Klas 800 ( Rak 3,4,5) aJakarta :bBalai Pustaka,c2002 a813 a813 IDR d 4aFiksi a02.1960 a02.1961 a02.1962 a02.1963 a02.1964 a02.1965 a02.1966 a02.1967 a02.1968 a02.1969